000
00193 a2200097 4500
020
_a
9781933032931
041
_a
spa
100
_a
mary Pope Osborne
245
_a
Buenos dias Gorila
942
_c
BK
999
_c
31035
_d
31033